000 01079nam a2200325 i 4500
001 4068
003 KOSZ 005
005 20211108145326.0
008 970903s1988 pl a f f |000 0 pol
015 _aPB 1990/6550
040 _aWA N
_cWA N
_dKOSZ 005/HR
080 _a629.33
080 _a621.01
080 _a(075.8)
100 1 _aSiłka, Wojciech
_eAutor
245 1 0 _aMechanika samochodu /
_cWojciech Siłka.
260 _aWarszawa :
_bPolitechnika Rzeszowska im. Ignacego Łukasiewicza. Redakcja Wydawnictw Uczelnianych,
_c1988.
300 _a199, [2]s. :
_brys., wykr. ;
_c24cm.
380 _aKsiążki
388 _a1901-2000
388 _a1945-1989
504 _aBibliogr. s. [201].
521 _aDla studentów Wydziału Mechanicznego do przedmiotu Mechanika ruchu pojazdów.
650 4 _aSamochody
650 4 _aMechanika
655 4 _aPodręczniki akademickie
658 _aInżynieria i technika
856 _uhttp://koha.tu.koszalin.pl/cgi-bin/koha/opac-detail.pl?biblionumber=4068
_yKatalog online BPK
942 _2UKD
_cKS
999 _c4068
_d4068